Jahrbücher für Nationalökonomie und Statistik

Uložené v:
Podrobná bibliografia
Médium: Kniha
Jazyk:German
Vydavateľské údaje: Jena Verlag von Gustav Fischer 1896
Predmet:
Tagy: Pridať tag
Žiadne tagy, Buďte prvý, kto otaguje tento záznam!

MARC

LEADER 00000nam a2200000 4500
001 c125046
005 20221124071158.4
041 0 |a ger 
044 |a DE 
245 1 0 |a Jahrbücher für Nationalökonomie und Statistik 
264 1 |a Jena  |b Verlag von Gustav Fischer  |c 1896 
300 |a 938 s. 
610 2 0 |a hospodárstvo národné 
610 2 0 |a dejiny 
610 2 0 |a história 
610 2 0 |a filozofia 
610 2 0 |a metódy štatistické 
610 2 0 |a remeslá 
610 2 0 |a právo 
610 2 0 |a makléri 
610 2 0 |a burzy 
610 2 0 |a konkurencia 
610 2 0 |a reformy 
610 2 0 |a lekárne 
610 2 0 |a zákonodarstvo 
610 2 0 |a komory obchodné 
610 2 0 |a dane z príjmov 
610 2 0 |a poistenie nemocenské 
610 2 0 |a zdravie 
610 2 0 |a školstvo 
610 2 0 |a mzdy 
610 2 0 |a teórie ekonomické 
610 2 0 |a poisťovníctvo 
610 2 0 |a doprava 
610 2 0 |a Európa 
610 2 0 |a Amerika